000 00767nam a2200229 a 4500
001 000021627
005 20250621074006.0
008 100909t2006 dr 000 0 spa d
020 _a9945160397
040 _aDO-SdBNP
_bspa
_cBNPHU
082 _a320.97293
_bH557s, 2006
100 1 _aHernández Flores, Ismael
_923299
245 1 0 _aSobre nación, estado y primera república /
_cIsmael Hernández Flores.
250 _a2a. ed.
260 _aSanto Domingo :
_bBúho,
_c2006.
300 _a119 p. ;
_c23 cm.
504 _aBibliografía: 109-119.
590 _aInventariado, 2018/ YL
651 0 _aRepública Dominicana
_xPolítica y gobierno
_945
651 0 _aRepública Dominicana --
_xHistoria --
_y1844-1930
_91009
910 _aValidado. Control de calidad EMS.
999 _c21126
_d21126